| 000 | 01116nam a2200313 a 4500 | ||
|---|---|---|---|
| 001 | ebr10455509 | ||
| 003 | CaPaEBR | ||
| 006 | m u | ||
| 007 | cr cn||||||||| | ||
| 008 | 110413s2008 enk sb 001 0 eng d | ||
| 020 | _z9781844651573 | ||
| 020 | _z9781844654260 (e-book) | ||
| 040 |
_aCaPaEBR _cCaPaEBR |
||
| 035 | _a(OCoLC)715184689 | ||
| 050 | 1 | 4 |
_aBJ1470.5 _b.R69 2008eb |
| 100 | 1 | _aRowlands, Mark. | |
| 245 | 1 | 0 |
_aFame _h[electronic resource] / _cMark Rowlands. |
| 260 |
_aStocksfield [U.K.] : _bAcumen, _c2008. |
||
| 300 | _a122 p. | ||
| 490 | 1 | _aArt of living series | |
| 504 | _aIncludes bibliographical references and index. | ||
| 533 |
_aElectronic reproduction. _bPalo Alto, Calif. : _cebrary, _d2011. _nAvailable via World Wide Web. _nAccess may be limited to ebrary affiliated libraries. |
||
| 650 | 0 | _aFame. | |
| 650 | 0 | _aCelebrities. | |
| 655 | 7 |
_aElectronic books. _2local |
|
| 710 | 2 | _aebrary, Inc. | |
| 830 | 0 | _aArt of living series. | |
| 856 | 4 | 0 |
_uhttp://site.ebrary.com/lib/rucke/Doc?id=10455509 _zAn electronic book accessible through the World Wide Web; click to view |
| 999 |
_c123806 _d123806 |
||